| 000 | 00393nam a2200145Ia 4500 | ||
|---|---|---|---|
| 008 | 230312s9999||||xx |||||||||||||| ||und|| | ||
| 020 | _a9-814-12677-2 | ||
| 082 |
_a621.382 _bYAG-E |
||
| 100 | _aYager;Ronald.R | ||
| 245 | 0 | _aEssentials of Fuzzy Modeling and Control | |
| 260 |
_bJohn Wiley & Sons _aIndia _c2002 |
||
| 300 | _a388 | ||
| 650 |
_aEngineering _vComputer/Engineering |
||
| 942 | _cBK | ||
| 999 |
_c10426 _d10426 |
||